Minería: topografía subterránea, galerias, túneles, subsuelo

Uloženo v:
Podrobná bibliografie
Hlavní autor: Taton, Robert (Autor)
Médium: Kniha
Jazyk:španělština
Vydáno: Madrid Paraninfo 1981
Vydání:3a. ed
Témata:
Tagy: Přidat tag
Žádné tagy, Buďte první, kdo vytvoří štítek k tomuto záznamu!

MARC

LEADER 00000nam a2200000 a 4500
001 UCV5685
003 CL-VaPUC
008 881230e19810000SP |||||||||||||||||spa|d
082 0 4 |a 526.9  |b TAT  |2 21 
100 0 |a Taton, Robert  |e author  |9 299969 
245 1 0 |a Minería: topografía subterránea, galerias, túneles, subsuelo 
250 |a 3a. ed 
300 |a 190 p 
942 |c BK 
945 |d 19881230 00:00:00 
260 |a Madrid  |b Paraninfo  |c 1981 
650 7 |a TOPOGRAFIA DE MINAS  |2 CL-VaPUC  |9 262520 
583 |a last modification  |c 19881230 00:00:00  |k Rodrigo Vera 
999 |c 212100  |d 212098 
952 |0 0  |1 0  |4 0  |6 526_900000000000000_TAT_1981  |7 0  |8 A  |9 192510  |a BIBING  |b BIBING  |d 2019-11-14  |i 2600021  |o 526.9 TAT 1981  |p 2600021  |r 2025-01-20  |w 2019-11-14  |y BK  |k CCL 
952 |0 0  |1 0  |4 0  |6 526_900000000000000_TAT_1981  |7 0  |8 A  |9 192511  |a BIBING  |b BIBING  |d 2019-11-14  |i 1654888  |o 526.9 TAT 1981  |p 1654888  |r 2025-01-20  |w 2019-11-14  |y BK  |k CCL